000
00205 a2200097 4500
001
7248
100
_a
Welding, G.N
245
_a
Rubber and plastic testing
260
_a
_b
Chapman
_c
090
_c
5976
_d
5976
942
_a
NUST-CAE
_c
M
_c
32462
999
_c
242321
_d
242321